Mở đầu về lí thuyết xác suất và các ứng dụng : Giáo trình dùng cho các trường đại học và cao đẳng /
Tallennettuna:
| Päätekijä: | |
|---|---|
| Aineistotyyppi: | Sách giấy |
| Kieli: | Vietnamese |
| Julkaistu: |
H. :
Giáo dục ,
2008.
|
| Painos: | Tái bản lần thứ ba |
| Aiheet: | |
| Tagit: |
Lisää tagi
Ei tageja, Lisää ensimmäinen tagi!
|
| Thư viện lưu trữ: | Thư viện Trường Đại học Đà Lạt |
|---|
| LEADER | 00906nam a2200301 4500 | ||
|---|---|---|---|
| 001 | DLU080064444 | ||
| 005 | ##20081226 | ||
| 041 | # | # | |a vie |
| 082 | # | # | |a 519.2 |b DA-T |
| 100 | # | # | |a Đặng Hùng Thắng. |
| 245 | # | # | |a Mở đầu về lí thuyết xác suất và các ứng dụng : |b Giáo trình dùng cho các trường đại học và cao đẳng / |c Đặng Hùng Thắng. |
| 246 | # | # | |a Mở đầu về lý thuyết xác suất và các ứng dụng. |
| 250 | # | # | |a Tái bản lần thứ ba |
| 260 | # | # | |a H. : |b Giáo dục , |c 2008. |
| 300 | # | # | |a 219 tr.; |c 21 cm. |
| 504 | # | # | |a Tài liệu tham khảo: tr.214. |
| 650 | # | # | |a Xác suất |v Giáo trình |
| 923 | # | # | |a 20/2008 |
| 991 | # | # | |a GT |
| 992 | # | # | |a 17000 |
| 994 | # | # | |a DLU |
| 900 | # | # | |a True |
| 911 | # | # | |a Đào Thị Thu Huyền |
| 925 | # | # | |a G |
| 926 | # | # | |a A |
| 927 | # | # | |a SH |
| 980 | # | # | |a Thư viện Trường Đại học Đà Lạt |